Tâm lý học lứa tuổi và tâm lý học sư phạm
Đề cập đến 1 số vấn đề cơ bản của tâm lý học lứa tuổi. Trình bày 1 số vấn đề cơ bản của tâm lý học sư phạm
Đã lưu trong:
| Tác giả chính: | |
|---|---|
| Định dạng: | Sách |
| Năm xuất bản: |
H.
[Knxb]
1995
|
| Chủ đề: | |
| Tags: |
Thêm thẻ
Không có thẻ, Hãy là người đầu tiên gắn thẻ bản ghi này!
|
| LEADER | 01046nam a2200181 4500 | ||
|---|---|---|---|
| 082 | |a 155.5 |b L250V | ||
| 100 | |a Lê Văn Hồng | ||
| 245 | |a Tâm lý học lứa tuổi và tâm lý học sư phạm |c Lê Văn Hồng, Lê Ngọc Lan | ||
| 260 | |a H. |b [Knxb] |c 1995 | ||
| 300 | |a 206 tr. |c 21 cm | ||
| 520 | |a Đề cập đến 1 số vấn đề cơ bản của tâm lý học lứa tuổi. Trình bày 1 số vấn đề cơ bản của tâm lý học sư phạm | ||
| 653 | |a Tâm lý học lứa tuổi | ||
| 653 | |a Tâm lý học sư phạm | ||
| 942 | |2 ddc |c STK0 | ||
| 999 | |c 8328 |d 8328 | ||
| 952 | |0 0 |1 0 |2 ddc |4 0 |6 155_500000000000000_L250V |7 0 |8 100 |9 69757 |a qbu |b qbu |c D2 |d 2015-04-06 |o 155.5 L250V |p 7568.c1 |r 0000-00-00 |w 2015-04-06 |y STK0 | ||
| 952 | |0 0 |1 0 |2 ddc |4 0 |6 155_500000000000000_L250V |7 0 |8 100 |9 69758 |a qbu |b qbu |c D2 |d 2015-04-06 |l 7 |o 155.5 L250V |p 7568.c2 |r 2018-09-04 |s 2018-08-23 |w 2015-04-06 |y STK0 | ||
| 952 | |0 0 |1 0 |2 ddc |4 0 |6 155_500000000000000_L250V |7 0 |8 100 |9 69759 |a qbu |b qbu |c D2 |d 2015-04-06 |l 3 |o 155.5 L250V |p 7568.c3 |r 2016-04-22 |s 2016-04-08 |w 2015-04-06 |y STK0 | ||